Equipe Type OM saison 2025/2026 - Statistiques

Statistiques générales
  • Ce quiz a été pris 75 fois
    15 depuis la dernière actualisation
  • Le résultat moyen est 9 sur 11
Statistiques - réponses
% Correct
Benjamin Pavard
100%
Gerónimo Rulli
100%
Igor Paixão
100%
Mason Greenwood
100%
Pierre-Emerick Aubameyang
100%
Emerson
85%
Timothy Weah
85%
Nayef Aguerd
77%
Facundo Medina
69%
Pierre-Emile Højbjerg
69%
Matt O'Riley
62%
Aucun quiz correspondant
Distribution des résultats
% des personnes avec chaque résultat
Percentile par nombre de réponses
Votre historique - résultats
Vous n’avez pas pris ce quiz depuis la dernière actualisation